<?xml version="1.0" encoding="UTF-8"?><?xml-stylesheet type="text/xsl" href="static/style.xsl"?><OAI-PMH xmlns="http://www.openarchives.org/OAI/2.0/" xmlns:xsi="http://www.w3.org/2001/XMLSchema-instance" xsi:schemaLocation="http://www.openarchives.org/OAI/2.0/ http://www.openarchives.org/OAI/2.0/OAI-PMH.xsd"><responseDate>2026-04-27T21:23:36Z</responseDate><request verb="GetRecord" identifier="oai:uvadoc.uva.es:10324/26705" metadataPrefix="marc">https://uvadoc.uva.es/oai/request</request><GetRecord><record><header><identifier>oai:uvadoc.uva.es:10324/26705</identifier><datestamp>2021-06-29T19:18:16Z</datestamp><setSpec>com_10324_38</setSpec><setSpec>col_10324_852</setSpec></header><metadata><record xmlns="http://www.loc.gov/MARC21/slim" xmlns:doc="http://www.lyncode.com/xoai" xmlns:xsi="http://www.w3.org/2001/XMLSchema-instance" xmlns:dcterms="http://purl.org/dc/terms/" xsi:schemaLocation="http://www.loc.gov/MARC21/slim http://www.loc.gov/standards/marcxml/schema/MARC21slim.xsd">
<leader>00925njm 22002777a 4500</leader>
<datafield tag="042" ind1=" " ind2=" ">
<subfield code="a">dc</subfield>
</datafield>
<datafield tag="720" ind1=" " ind2=" ">
<subfield code="a">Fraile Asensio, Noelia</subfield>
<subfield code="e">author</subfield>
</datafield>
<datafield tag="260" ind1=" " ind2=" ">
<subfield code="c">2017</subfield>
</datafield>
<datafield tag="520" ind1=" " ind2=" ">
<subfield code="a">En el trabajo que expondremos a continuación hablaremos sobre lo importante que es para los menores, que se encuentran en situación de desprotección, la familia de origen. Para ello haremos referencia a la protección de los menores por parte de la Administración Pública y el papel que desempeñan en la reintegración familiar. Por otro lado incluiremos la legislación que protege a los menores y a sus familias, el interés superior del menor, así como los procesos existentes actualmente para la protección de los menores por parte de los servicios sociales.&#xd;
Además este trabajo destaca la importancia que tienen los trabajadores sociales en el ámbito de la protección del menor y su familia; la importancia de evitar en la medida de lo posible la separación del menor de su familia de origen y, en caso de que sea necesaria dicha separación, el deber de los trabajadores sociales y demás profesionales implicados en procurar la reintegración familiar del menor en el mínimo tiempo posible.</subfield>
</datafield>
<datafield tag="024" ind2=" " ind1="8">
<subfield code="a">http://uvadoc.uva.es/handle/10324/26705</subfield>
</datafield>
<datafield tag="245" ind1="0" ind2="0">
<subfield code="a">El menor protegido y la importancia de la familia de origen</subfield>
</datafield>
</record></metadata></record></GetRecord></OAI-PMH>